Software testing in the real world : improving the process (Record no. 196065)
[ view plain ]
| 000 -LEADER | |
|---|---|
| fixed length control field | 00576nam a2200205Ia 4500 |
| 003 - CONTROL NUMBER IDENTIFIER | |
| control field | OSt |
| 005 - DATE AND TIME OF LATEST TRANSACTION | |
| control field | 20250314165426.0 |
| 008 - FIXED-LENGTH DATA ELEMENTS--GENERAL INFORMATION | |
| fixed length control field | 231217s9999 xx 000 0 und d |
| 020 ## - INTERNATIONAL STANDARD BOOK NUMBER | |
| International Standard Book Number | 9788177585728 |
| 040 ## - CATALOGING SOURCE | |
| Transcribing agency | 0 |
| 041 ## - LANGUAGE CODE | |
| Language code of text/sound track or separate title | English |
| 082 ## - DEWEY DECIMAL CLASSIFICATION NUMBER | |
| Classification number | 001.6424 KIT;35 |
| 100 ## - MAIN ENTRY--PERSONAL NAME | |
| Personal name | Kit, Edward. Finzi, Susannah ed. |
| 245 #0 - TITLE STATEMENT | |
| Title | Software testing in the real world : improving the process |
| 260 ## - PUBLICATION, DISTRIBUTION, ETC. | |
| Date of publication, distribution, etc. | 1995 |
| Name of publisher, distributor, etc. | Dorling Kindersley |
| Place of publication, distribution, etc. | New Delhi |
| 300 ## - PHYSICAL DESCRIPTION | |
| Extent | xiv, 252 |
| 500 ## - GENERAL NOTE | |
| General note | Content page available. |
| 650 ## - SUBJECT ADDED ENTRY--TOPICAL TERM | |
| Topical term or geographic name entry element | Software,testing,improving,process |
| 942 ## - ADDED ENTRY ELEMENTS (KOHA) | |
| Koha item type | Books |
| Source of classification or shelving scheme | Dewey Decimal Classification |
| Date last seen | Total checkouts | Full call number | Accession number | Uniform resource identifier | Price effective from | Category | Lost status | Damaged status | Department | Withdrawn status | Home library | Current library | Shelving location | Entry date | Grants | Currency symbol | Conversion rate | Discount | Old discount |
|---|---|---|---|---|---|---|---|---|---|---|---|---|---|---|---|---|---|---|---|
| 26/01/2024 | 001.6424 KIT;35 | 87803 | digital/contents/57308.pdf | 26/01/2024 | Books | Information Science | Central Library | Central Library | Information Science | 02/12/2013 | DONATED | RS | 1 |
